Gra Lwa /
Enregistré dans:
| Auteur principal: | |
|---|---|
| Autres auteurs: | , , , |
| Format: | Livre |
| Langue: | polonais |
| Publié: |
Warszawa :
Przegląd Reader's Digest,
cop. 2001.
|
| Collection: | Książki Wybrane
|
| Tags: |
Pas de tags, Soyez le premier à ajouter un tag!
|
MARC
| LEADER | 00000nam#a2200000#i#4500 | ||
|---|---|---|---|
| 001 | 9913542860505606 | ||
| 005 | 20260515140225.0 | ||
| 008 | 010920s2001 pl 0 pol | ||
| 020 | |a 8388243268 | ||
| 035 | |a 990001462340108206-48omnis_network | ||
| 035 | |a (Aleph)000146234UOP01 | ||
| 035 | |a (PL)b0001280085527 | ||
| 040 | |a OP 002 |c OP 002 | ||
| 041 | 0 | |a pol | |
| 090 | |c 45 |d 44 | ||
| 100 | 1 | |a DeMille, Nelson. | |
| 245 | 1 | 0 | |a Gra Lwa / |c Nelson DeMille ; tł. [z ang.] Dorota Kraśniewska. Remont serc / Linda Nichols ; tł. [z ang.] Piotr Art. Drugie uderzenie wiatru / Dick Francis ; tł. [z ang.] Piotr Art. Pod upiornym księżycem / Karen Robarts ; tł. [z ang.] Anna Kołyszko. |
| 260 | |a Warszawa : |b Przegląd Reader's Digest, |c cop. 2001. | ||
| 300 | |a 574, [2] s. : ; |b il. (gł. kolor.), portr. ; |c 21 cm. | ||
| 490 | 1 | |a Książki Wybrane | |
| 700 | 1 | |a Francis, Dick. |t Drugie uderzenie wiatru | |
| 700 | 1 | |a Kraśniewska, Dorota |e Tł. | |
| 700 | 1 | |a Nichols, Linda. |t Remont serc | |
| 700 | 1 | |a Robarts, Karen. |t Pod upiornym księżycem | |
| 920 | |a 83-88243-26-8{} | ||
| 942 | |c K | ||
| 952 | |0 0 |1 0 |4 0 |6 R__53_000000000000000 |7 0 |9 43 |a RYT |b RYT |d 2026-04-26 |e 1/2026 |g 10.00 |l 0 |o R.53 |p 2000000000534 |r 2026-05-15 14:02:25 |w 2026-05-15 |y BK |z da | ||
| 999 | |c 43 |d 43 | ||